000 01048cam a22002054a 4500
005 20250605164137.0
008 250528s ||||||||||||||||||||||||d
035 _a18807
020 _a712105298
040 _aGR-AtMCL
_bgre
_dGR-AtMCL
_eAACR2
245 1 _aElements of Insurance
250 _a1st
260 _bMacdonald And Evans Ltd,
_c1970
300 _a288
520 _aGeneral Introduction, Insurance Generally, Major Classes of Business, Marine Insurance, Life Insurance, Fire Insurance, Accident Insurance, Motor Insurance, The Insurance Market, Insurers, Brokers and Agents, Lloyd's Insurance Companies, Basic Principles, The Insurance Contract, Insurable Interest, Utmost Good Faith, Indemnity, Subrogation, Contribution, Proximate Cause, Insurance in Practice, Proposal Forms, Policy Forms, Premiums, Renewals, Claims and Disputes, Average, Reinsurance, Insurance and the State, State Regulation and National Insurance, Appendixes, Index.
700 1 _aHansell D.S
_95067
942 _cBK
999 _c4120
_d4120